10 najbardziej ,,wykształconych,, stanów USA - Statystyki

Ogólne statystyki
  • Ten quiz został rozwiązany 12 razy
  • Średni wynik to 6 z 10
Statystyki odpowiedzi
% Nazwa stanu % Poprawnych
40.0 Nowy Jork
91%
43.5 New Jersey
82%
44.2 Vermont
73%
43.8 Maryland
64%
42.2 Wirginia
64%
41.3 New Hampshire
55%
39.6 Rhode Island
55%
45.9 Kolorado
45%
41.9 Connecticut
36%
46.6 Massachusetts
36%
Nie znaleziono quizów pasujących do podanych kryteriów
Rozkład punktacji
Procent ludzi z każdym wynikiem
Percentyl według liczby udzielonych odpowiedzi
Twoja historia wyników
Nie rozwiązałeś tego quizu